| 000 | 01743nam0a2200349 i 4500 | ||
|---|---|---|---|
| 001 | RU\NLR\BIBL_A\010474380 | ||
| 005 | 20241101045410.0 | ||
| 010 |
_a9785896652809 _9400 |
||
| 021 |
_aRU _b14-57172 |
||
| 035 | _a(NILC)RuMoRGB-007528322 | ||
| 035 | _a(NLR Aleph) 010474380 | ||
| 090 |
_a10036422 _c10036422 |
||
| 100 | _a20141009d2014 k y0rusy50 ca | ||
| 101 | 0 |
_arus _deng _erus _eeng |
|
| 102 | _aRU | ||
| 105 | _aa|||z|||000yy | ||
| 200 | 1 |
_aЗащищенность экономики регионов России _dProtection of economy of Russia's regions _fС. В. Казанцев _gФедер. гос. бюджет. учреждение науки Ин-т экономики и орг. пром. пр-ва Сиб. отд-ния Рос. акад. наук _zeng |
|
| 210 |
_aНовосибирск _cИЭОПП СО РАН _d2014 |
||
| 215 |
_a179 с. _cил. _d21 |
||
| 300 | _aАвт. также на англ. яз.: S.V. Kazantsev | ||
| 300 | _aРез. на англ. яз. | ||
| 320 | _aБиблиогр.: с. 162-175 | ||
| 510 | 1 |
_6z22790 _aProtection of economy of Russia's regions _zeng |
|
| 606 | 1 |
_aРегиональная экономика _yРоссийская Федерация _92073469 _3RU\NLR\AUTH\661248372 |
|
| 686 | 1 | _aУ04(2)9 | |
| 700 | 1 |
_7ca _8rus _aКазанцев _bС. В. _cд-р экон. наук, экономико-матем. методы _gСергей Владимирович _9271258 _3RU\NLR\AUTH\770271314 |
|
| 790 | 1 |
_7ba _8rus _aKazancev _bS. V. _cд-р экон. наук, экономико-матем. методы _gSergej Vladimirovič _9271260 _3RU\NLR\AUTH\770271316 |
|
| 801 | 0 |
_aRU _bРГБ _c20140731 _gRCR |
|
| 942 | _cBOOK | ||
| 980 | _aNBR | ||